[Event "Cadaques Open"]
[Site "SchemingMind.com"]
[Date "2007.07.07"]
[Round "-"]
[White "Malatuso"]
[Black "mikewharvey"]
[Result "1-0"]
[WhiteCountry "ITA"]
[BlackCountry "GBR"]
[WhiteElo "1827"]
[WhiteRD "77"]
[BlackElo "1730"]
[BlackRD "84"]
[GameID "111376"]

1. e4 e5 2. Nf3 Nc6 3. Bc4 Nf6 4. d3 Bc5 5. h3 d5 6. exd5 Nxd5 7. Bd2 O-O 8. Nc3 Nf4 9. O-O Qf6 10. Ne4 Qe7
11. a3 Nd4 12. Nxd4 Bxd4 13. c3 Bb6 14. Qf3 c6 15. Bxf4 exf4 16. Qxf4 Be6 17. Bxe6 fxe6 18. Qd2 Rad8 19. Rad1 Bc7 20. Qe2 Rf7
21. d4 b6 22. Qc4 Qd7 23. Rde1 h6 24. f3 b5 25. Qe2 Qd5 26. Nf2 Qd6 27. Ng4 h5 28. Ne5 Rf5 29. g4 hxg4 30. fxg4 Rf6
31. g5 Rf5 32. Rxf5 exf5 33. g6 Qf6 34. Qh5 Kf8 35. Nxc6 Bh2+ 36. Kf1
1-0

[Event "Cadaques Open"]
[Site "SchemingMind.com"]
[Date "2007.07.07"]
[Round "-"]
[White "mikewharvey"]
[Black "Malatuso"]
[Result "1-0"]
[WhiteCountry "GBR"]
[BlackCountry "ITA"]
[WhiteElo "1722"]
[WhiteRD "89"]
[BlackElo "1760"]
[BlackRD "81"]
[GameID "111377"]

1. c4 Nf6 2. Nc3 g6 3. Nf3 Bg7 4. g3 O-O 5. Bg2 d6 6. d4 d5 7. cxd5 Nxd5 8. O-O Nxc3 9. bxc3 c5 10. e3 Nd7
11. Ng5 Qa5 12. Qb3 cxd4 13. exd4 Rb8 14. Ba3 h6 15. Ne4 Re8 16. Rfe1 b6 17. Nd6 Rf8 18. Nxf7 Rxf7 19. Rxe7 Qf5 20. Rxf7 Qxf7
21. Bd5
1-0

[Event "Cadaques Open"]
[Site "SchemingMind.com"]
[Date "2007.07.02"]
[Round "-"]
[White "snoodie05"]
[Black "mikewharvey"]
[Result "0-1"]
[WhiteCountry "USA"]
[BlackCountry "GBR"]
[WhiteElo "1444"]
[WhiteRD "85"]
[BlackElo "1722"]
[BlackRD "89"]
[GameID "111399"]

1. e4 e5 2. Nf3 Nc6 3. a3 Nf6 4. Bd3 Bc5 5. b4 Bb6 6. c4 d6 7. Bb2 Ng4 8. h3 Nf6 9. Qe2 a6 10. c5 Ba7
11. Nc3 Nd4 12. Nxd4 exd4 13. e5 dxe5 14. Qxe5+ Be6 15. Ne2 O-O 16. Nf4 Bb3 17. O-O Re8 18. Qxd4 Ba4 19. Qc4 b5 20. Qc3 c6
21. g4 h6 22. f3 Qd6 23. Ne2 Qd5 24. Nf4 Qg5 25. Ne2 Bb8 26. Rf2 Be5 27. Qc1 Bb3 28. Kg2 Rad8 29. f4 Qh4 30. Bxe5 Rxd3
31. Bxf6 Qxh3+ 32. Kg1 Rxe2 33. Rxe2 Rg3+ 34. Kf2 Rg2+
0-1

[Event "Cadaques Open"]
[Site "SchemingMind.com"]
[Date "2007.07.07"]
[Round "-"]
[White "snoodie05"]
[Black "Malatuso"]
[Result "0-1"]
[WhiteCountry "USA"]
[BlackCountry "ITA"]
[WhiteElo "1419"]
[WhiteRD "85"]
[BlackElo "1717"]
[BlackRD "86"]
[GameID "111400"]

1. e4 c5 2. e5 Nc6 3. Nf3 g6 4. a3 Bg7 5. d3 Nxe5 6. Nc3 d5 7. d4 cxd4 8. Nxd4 Nf6 9. h3 O-O 10. Bf4 Nc6
11. Nxc6 bxc6 12. Be2 Re8 13. g4 e5 14. Bg5 Qc7 15. h4 h6 16. Bd2 Nd7 17. g5 h5 18. Na4 Nb6 19. Nc3 Bf5 20. Nb5 cxb5
21. Bxb5 Bd7 22. Ba6 e4 23. Qe2 Bxb2 24. Rd1 Bg4 25. Qb5 Bxd1 26. Kxd1 Be5 27. Qb3 Rab8 28. Bb5 Rec8 29. a4 Nc4 30. Re1 a6
31. Qh3 axb5 32. a5 Nxd2
0-1

[Event "Cadaques Open"]
[Site "SchemingMind.com"]
[Date "2007.07.03"]
[Round "-"]
[White "mikewharvey"]
[Black "snoodie05"]
[Result "1-0"]
[WhiteCountry "GBR"]
[BlackCountry "USA"]
[WhiteElo "1595"]
[WhiteRD "103"]
[BlackElo "1455"]
[BlackRD "81"]
[GameID "111401"]

1. c4 h6 2. Nc3 a6 3. Nf3 Nc6 4. g3 Nf6 5. Bg2 d6 6. O-O e5 7. d3 Be7 8. Re1 Be6 9. d4 exd4 10. Nxd4 Bxc4
11. Nxc6 Qd7 12. Nxe7 Kxe7 13. Bxb7 Ra7 14. Bg2 d5 15. Qd4 c6 16. e4 Kf8 17. exd5 cxd5 18. b3 Bb5 19. Nxd5 Bc6 20. Qc5+ Kg8
21. Nxf6+ gxf6 22. Bxc6 Qd8 23. Re8+ Qxe8 24. Bxe8 Ra8 25. Qe7 Rh7 26. Ba3 a5 27. Qf8#
1-0

[Event "Cadaques Open"]
[Site "SchemingMind.com"]
[Date "2007.07.07"]
[Round "-"]
[White "Malatuso"]
[Black "snoodie05"]
[Result "1-0"]
[WhiteCountry "ITA"]
[BlackCountry "USA"]
[WhiteElo "1717"]
[WhiteRD "86"]
[BlackElo "1419"]
[BlackRD "85"]
[GameID "111402"]

1. e4 e5 2. Nf3 Bd6 3. d4 exd4 4. Nxd4 a6 5. Nc3 Be5 6. Be2 h6 7. O-O Nf6 8. h3 d6 9. Nd5 Nxd5 10. exd5 Qh4
11. Nf3 Qf6 12. Nxe5 Qxe5 13. Re1 O-O 14. Bd3 Qg5 15. Bxg5 hxg5 16. Qh5 g6 17. Bxg6 fxg6 18. Qxg6+ Kh8 19. Re7
1-0

[Event "Cadaques Open"]
[Site "SchemingMind.com"]
[Date "2007.07.05"]
[Round "-"]
[White "briancw"]
[Black "snoodie05"]
[Result "0-1"]
[WhiteCountry "USA"]
[BlackCountry "USA"]
[WhiteElo "1400"]
[WhiteRD "123"]
[BlackElo "1455"]
[BlackRD "81"]
[GameID "111548"]

1. Nf3 e6 2. c4 Qf6 3. Nc3 a6 4. e4 Bd6 5. d4 e5 6. Bg5 Qg6 7. h4 h6 8. h5 Qe6 9. d5 Qg4 10. Rh4 Qxg5
11. Nxg5 hxg5 12. Rh1 Nf6 13. Qf3 Be7
0-1

[Event "Cadaques Open"]
[Site "SchemingMind.com"]
[Date "2007.07.08"]
[Round "-"]
[White "briancw"]
[Black "Malatuso"]
[Result "0-1"]
[WhiteCountry "USA"]
[BlackCountry "ITA"]
[WhiteElo "1400"]
[WhiteRD "123"]
[BlackElo "1762"]
[BlackRD "81"]
[GameID "111550"]

1. Nf3 Nf6 2. c4 g6 3. Nc3 Bg7 4. e4 d6 5. d4 O-O 6. Be2 c5 7. O-O cxd4 8. Nxd4 Nc6 9. Be3 a6 10. Qd2 Ng4
0-1

[Event "Cadaques Open"]
[Site "SchemingMind.com"]
[Date "2007.07.05"]
[Round "-"]
[White "snoodie05"]
[Black "briancw"]
[Result "1-0"]
[WhiteCountry "USA"]
[BlackCountry "USA"]
[WhiteElo "1455"]
[WhiteRD "81"]
[BlackElo "1400"]
[BlackRD "123"]
[GameID "111551"]

1. e4 e5 2. h3 Nf6 3. Bd3 d5 4. exd5 Qxd5 5. f3 Qd4 6. Ne2 Qh4+ 7. g3 Qh5 8. h4 Qxf3 9. Rf1 Qg4 10. a3 e4
11. Rf4 Qg6 12. h5 Qxh5 13. Rh4
1-0

[Event "Cadaques Open"]
[Site "SchemingMind.com"]
[Date "2007.07.05"]
[Round "-"]
[White "Nightlamp"]
[Black "snoodie05"]
[Result "1-0"]
[WhiteCountry "BEL"]
[BlackCountry "USA"]
[WhiteElo "2054"]
[WhiteRD "79"]
[BlackElo "1455"]
[BlackRD "81"]
[GameID "111721"]

1. d4 d5 2. Nf3 h6 3. c4 dxc4 4. e4 b5 5. a4 c6 6. axb5 cxb5 7. b3 Qc7 8. bxc4 bxc4 9. Nc3 Bg4 10. Qa4+ Bd7
11. Qxc4 Qb6 12. Be3 e6 13. Be2 Nc6 14. O-O a5 15. d5 Nce7 16. Bxb6 exd5 17. Nxd5 Rc8 18. Qd4 Nxd5 19. exd5 Ne7 20. Rfe1 a4
21. d6 Nf5 22. Bb5+ Be7 23. Bxd7+ Kxd7 24. Rxe7+ Nxe7 25. dxe7+ Kxe7 26. Qxg7 Rhg8 27. Re1+ Kd6 28. Qd4+ Kc6 29. Qc5+ Kb7 30. Re7+ Kb8
31. Ba7+ Ka8 32. Qd5+
1-0

[Event "Cadaques Open"]
[Site "SchemingMind.com"]
[Date "2007.07.05"]
[Round "-"]
[White "Nightlamp"]
[Black "mikewharvey"]
[Result "1-0"]
[WhiteCountry "BEL"]
[BlackCountry "GBR"]
[WhiteElo "2123"]
[WhiteRD "79"]
[BlackElo "1730"]
[BlackRD "84"]
[GameID "111722"]

1. d4 Nf6 2. Nf3 d5 3. c4 c6 4. Nc3 Bg4 5. Ne5 Bh5 6. Qb3 b6 7. cxd5 Nxd5 8. g4 Bg6 9. h4 h6 10. Nxg6 fxg6
11. e4 Nf6 12. Bc4 Qxd4 13. Be3 Qe5 14. Bf7+ Kd8 15. O-O-O+ Nbd7 16. f4 Qc7 17. Be6 Ke8 18. g5 hxg5 19. fxg5 Nd5 20. exd5 cxd5
21. Kb1
1-0

[Event "Cadaques Open"]
[Site "SchemingMind.com"]
[Date "2007.07.09"]
[Round "-"]
[White "Nightlamp"]
[Black "Malatuso"]
[Result "1-0"]
[WhiteCountry "BEL"]
[BlackCountry "ITA"]
[WhiteElo "2054"]
[WhiteRD "79"]
[BlackElo "1762"]
[BlackRD "81"]
[GameID "111723"]

1. d4 Nf6 2. Nf3 g6 3. g3 Bg7 4. Bg2 d5 5. O-O O-O 6. c4 c6 7. cxd5 Nxd5 8. Nc3 Be6 9. e4 Nxc3 10. bxc3 c5
11. Be3 Qa5 12. Qd3 Nc6 13. d5
1-0

[Event "Cadaques Open"]
[Site "SchemingMind.com"]
[Date "2007.07.04"]
[Round "-"]
[White "Nightlamp"]
[Black "briancw"]
[Result "1-0"]
[WhiteCountry "BEL"]
[BlackCountry "USA"]
[WhiteElo "2054"]
[WhiteRD "79"]
[BlackElo "1400"]
[BlackRD "123"]
[GameID "111724"]

1. d4 Nf6 2. Nf3 e6 3. g3 b5 4. Bg2 Bb7 5. Bg5 c5 6. O-O cxd4 7. Nxd4 Bxg2 8. Kxg2 a6 9. e4 h6 10. Bxf6 Qxf6=
11. Nc3
1-0

[Event "Cadaques Open"]
[Site "SchemingMind.com"]
[Date "2007.07.05"]
[Round "-"]
[White "snoodie05"]
[Black "Nightlamp"]
[Result "0-1"]
[WhiteCountry "USA"]
[BlackCountry "BEL"]
[WhiteElo "1455"]
[WhiteRD "81"]
[BlackElo "2054"]
[BlackRD "79"]
[GameID "111725"]

1. e4 c5 2. Nf3 e6 3. e5 d6 4. h3 Nc6 5. exd6 Bxd6 6. a3 Nf6 7. Bb5 Bd7 8. Nc3 O-O 9. Qe2 a6 10. Bxc6 Bxc6
11. d4 cxd4 12. Na2 e5 13. Bg5 h6 14. Bd2 Qb6 15. b4 e4 16. Nh4 e3 17. fxe3 Bg3+ 18. Kd1 Bxh4 19. Rg1 Rfe8 20. g3 Bg5
21. h4 Bxe3 22. Bxe3 Rxe3 23. Qd2 d3 24. Nc3 Rd8 25. Kc1 dxc2 26. Qxc2 Rxc3 27. Qxc3 Qxg1+ 28. Kb2 Qf2+ 29. Kb3 Bd5+ 30. Ka4 Qb6
31. Rc1 Qb5#
0-1

[Event "Cadaques Open"]
[Site "SchemingMind.com"]
[Date "2007.07.06"]
[Round "-"]
[White "mikewharvey"]
[Black "Nightlamp"]
[Result "0-1"]
[WhiteCountry "GBR"]
[BlackCountry "BEL"]
[WhiteElo "1730"]
[WhiteRD "84"]
[BlackElo "2123"]
[BlackRD "79"]
[GameID "111726"]

1. c4 f5 2. d4 e6 3. Nf3 Nf6 4. Nc3 Bb4 5. Qc2 b6 6. a3 Bxc3+ 7. bxc3 O-O 8. g3 Bb7 9. Bg2 c5 10. e4 Bxe4
11. Qe2 d6 12. O-O Nbd7 13. Bg5 h6 14. Bf4 Qe7 15. Nd2 Bxg2 16. Kxg2 e5 17. Nf3 Rae8 18. dxe5 dxe5 19. Bd2 e4 20. Nh4 Qe6
21. Ng6 Rf7
0-1

[Event "Cadaques Open"]
[Site "SchemingMind.com"]
[Date "2007.07.09"]
[Round "-"]
[White "Malatuso"]
[Black "Nightlamp"]
[Result "1-0"]
[WhiteCountry "ITA"]
[BlackCountry "BEL"]
[WhiteElo "1827"]
[WhiteRD "77"]
[BlackElo "2123"]
[BlackRD "79"]
[GameID "111727"]

1. e4 c5 2. Nf3 e6 3. d4 cxd4 4. Nxd4 Nc6 5. Nc3 Qc7 6. a3 a6 7. Nxc6 Qxc6 8. Bd3 b5 9. Bd2 Bb7 10. O-O Nf6
11. Re1 Be7 12. h3 O-O 13. f3 d6 14. Qe2 Rfe8 15. e5 dxe5 16. Qxe5 Rad8 17. Rad1 h6 18. Kh1 Bd6 19. Qe3 Bb8 20. Ne4 Nd5
21. Qc5 Nf4 22. Bf1 Ng6 23. Bb4 Nh4 24. c4 bxc4 25. Bxc4 Bc7 26. Qxc6 Bxc6= 27. Rxd8 Rxd8 28. Bxa6 Nf5 29. Bc3 Kh7 30. Bc4 Rc8
31. Bd3 h5 32. g4
1-0

[Event "Cadaques Open"]
[Site "SchemingMind.com"]
[Date "2007.07.04"]
[Round "-"]
[White "briancw"]
[Black "Nightlamp"]
[Result "0-1"]
[WhiteCountry "USA"]
[BlackCountry "BEL"]
[WhiteElo "1400"]
[WhiteRD "123"]
[BlackElo "2054"]
[BlackRD "79"]
[GameID "111728"]

1. Nf3 e6 2. c4 f5 3. b3 Nf6 4. Bb2 Be7 5. g3 O-O 6. Na3 d6 7. d4 Ne4 8. Bg2 Bf6 9. O-O Nc6 10. Nd2 Nxd2
11. Qxd2 e5
0-1

[Event "Cadaques Open"]
[Site "SchemingMind.com"]
[Date "2007.07.05"]
[Round "-"]
[White "Beefington"]
[Black "snoodie05"]
[Result "0-1"]
[WhiteCountry "USA"]
[BlackCountry "USA"]
[WhiteElo "1262"]
[WhiteRD "113"]
[BlackElo "1455"]
[BlackRD "81"]
[GameID "111748"]

1. d4 d5 2. c4 dxc4 3. Nc3 h6 4. Nf3 Nf6 5. g3 e6 6. Bg2 Bd6 7. O-O a6 8. Ne5 Bxe5 9. dxe5 Ng4 10. Qxd8+ Kxd8
11. Rd1+ Nd7 12. f4 h5 13. Rd4 Nh6
0-1

[Event "Cadaques Open"]
[Site "SchemingMind.com"]
[Date "2007.07.04"]
[Round "-"]
[White "Beefington"]
[Black "briancw"]
[Result "0-1"]
[WhiteCountry "USA"]
[BlackCountry "USA"]
[WhiteElo "1262"]
[WhiteRD "113"]
[BlackElo "1400"]
[BlackRD "123"]
[GameID "111752"]

1. d4 Nf6 2. c4 e6 3. Nc3 Bb4 4. Nf3 b6 5. g3 Ba6 6. Bg2 Bxc3+ 7. bxc3 Bxc4 8. Ne5 Bd5 9. Nf3 O-O 10. O-O d6
11. Rb1 Bxa2 12. Ne5 Bxb1 13. Bxa8 dxe5 14. Ba3 Nbd7 15. Bg2 Re8 16. Qxb1 exd4 17. c4 Nc5 18. Bc6 Re7 19. Bxc5 bxc5 20. Qb7 d3
0-1

[Event "Cadaques Open"]
[Site "SchemingMind.com"]
[Date "2007.07.05"]
[Round "-"]
[White "snoodie05"]
[Black "Beefington"]
[Result "1-0"]
[WhiteCountry "USA"]
[BlackCountry "USA"]
[WhiteElo "1455"]
[WhiteRD "81"]
[BlackElo "1262"]
[BlackRD "113"]
[GameID "111753"]

1. e4 e6 2. h3 d5 3. exd5 exd5 4. d4 Nf6 5. a3 c5 6. Be3 c4 7. Nc3 Bd6 8. Be2 O-O 9. Qd2 Bf5 10. Nf3 Nc6
11. Nh4
1-0

[Event "Cadaques Open"]
[Site "SchemingMind.com"]
[Date "2007.07.04"]
[Round "-"]
[White "briancw"]
[Black "Beefington"]
[Result "1-0"]
[WhiteCountry "USA"]
[BlackCountry "USA"]
[WhiteElo "1716"]
[WhiteRD "227"]
[BlackElo "1324"]
[BlackRD "150"]
[GameID "111757"]

1. Nf3 d5 2. c4 e6 3. cxd5 exd5 4. d4 Bd6 5. Nc3 Ne7 6. Bg5 f6 7. Bh4 O-O 8. e4 dxe4 9. Bc4+ Kh8 10. Nxe4 b6
11. Qc2 Bb7 12. Neg5 fxg5 13. Nxg5 g6 14. Nf7+ Rxf7 15. Bxf7 Bb4+ 16. Kf1 Nbc6 17. Bf6#
1-0

[Event "Cadaques Open"]
[Site "SchemingMind.com"]
[Date "2007.07.05"]
[Round "-"]
[White "mrbiggs"]
[Black "snoodie05"]
[Result "1-0"]
[WhiteCountry "USA"]
[BlackCountry "USA"]
[WhiteElo "1612"]
[WhiteRD "81"]
[BlackElo "1455"]
[BlackRD "81"]
[GameID "111801"]

1. e4 e5 2. f4 exf4 3. Nf3 Qe7 4. Nc3 a6 5. d4 g5 6. Bc4 f6 7. O-O Nh6 8. e5 fxe5 9. dxe5 Bg7 10. Nd5 Qc5+
11. Qd4 Qc6 12. Nxg5 Ng4 13. Qxf4 Nh6 14. Nf6+ Ke7 15. Nd5+ Ke8 16. Qh4 d6 17. exd6 Qxd6 18. Re1+ Kf8 19. Bf4 Qc5+ 20. Kh1 Nf5
21. Qh5 Nd6 22. Bxd6+
1-0

[Event "Cadaques Open"]
[Site "SchemingMind.com"]
[Date "2007.07.05"]
[Round "-"]
[White "mrbiggs"]
[Black "mikewharvey"]
[Result "0-1"]
[WhiteCountry "USA"]
[BlackCountry "GBR"]
[WhiteElo "1544"]
[WhiteRD "78"]
[BlackElo "1722"]
[BlackRD "89"]
[GameID "111802"]

1. e4 e5 2. f4 exf4 3. Nf3 d6 4. d4 g5 5. h4 g4 6. Ng1 Nf6 7. Bxf4 Bg7 8. Nc3 a6 9. Be2 Nc6 10. d5 Ne5
11. Bxe5 dxe5 12. h5 Bh6 13. Bc4 Qd6 14. Nge2 Bd7 15. Ng3 Qc5 16. Qe2 b5 17. Bb3 a5 18. a3 O-O-O 19. Rf1 Bf4 20. Nh1 Nxh5
21. Qf2 Qxf2+ 22. Rxf2 Ng3
0-1

[Event "Cadaques Open"]
[Site "SchemingMind.com"]
[Date "2007.07.05"]
[Round "-"]
[White "mrbiggs"]
[Black "Nightlamp"]
[Result "0-1"]
[WhiteCountry "USA"]
[BlackCountry "BEL"]
[WhiteElo "1544"]
[WhiteRD "78"]
[BlackElo "2109"]
[BlackRD "79"]
[GameID "111803"]

1. e4 c5 2. Nf3 e6 3. Bc4 a6 4. a4 Nf6 5. Nc3 d5 6. exd5 exd5 7. Ba2 d4 8. Ne2 Be7 9. O-O O-O 10. d3 Bg4
11. Ng3 Nc6 12. h3 Bc8 13. Bf4 Nd5 14. Bxd5 Qxd5 15. Re1 Be6 16. c3 dxc3 17. bxc3 Bf6 18. c4 Qd7 19. Rb1 Rfd8 20. Re3 h6
21. Be5 Nxe5 22. Nxe5 Bxe5 23. Rxe5 Bxc4 24. Rxc5 Bxd3 25. Rbc1 Bg6 26. Qb3 Rac8 27. Rxc8 Rxc8 28. Rxc8+ Qxc8 29. f3 b5 30. axb5 Qc5+
31. Kh2 Qxb5 32. Qxb5 axb5
0-1

[Event "Cadaques Open"]
[Site "SchemingMind.com"]
[Date "2007.07.05"]
[Round "-"]
[White "mrbiggs"]
[Black "Beefington"]
[Result "1-0"]
[WhiteCountry "USA"]
[BlackCountry "USA"]
[WhiteElo "1612"]
[WhiteRD "81"]
[BlackElo "1262"]
[BlackRD "113"]
[GameID "111804"]

1. e4 e6 2. d4 d5 3. e5 c5 4. Nf3 Nc6 5. Be3 b6 6. Nc3 cxd4 7. Nxd4 Nxe5 8. Bb5+ Bd7 9. Bf4 Bd6 10. Bxd7+ Qxd7
11. Ndb5
1-0

[Event "Cadaques Open"]
[Site "SchemingMind.com"]
[Date "2007.07.10"]
[Round "-"]
[White "mrbiggs"]
[Black "Malatuso"]
[Result "0-1"]
[WhiteCountry "USA"]
[BlackCountry "ITA"]
[WhiteElo "1544"]
[WhiteRD "78"]
[BlackElo "1760"]
[BlackRD "81"]
[GameID "111805"]

1. e4 e5 2. f4 exf4 3. Nf3 g5 4. h3 Nc6 5. Bc4 Bg7 6. d4 d5 7. exd5 Na5 8. Bb5+ Bd7 9. Qe2+ Qe7 10. Bxd7+ Kxd7
11. Qxe7+ Nxe7 12. Nxg5 f6 13. Nf3 Nxd5 14. O-O Nc4 15. b3 Nce3 16. Bxe3 Nxe3 17. Rf2 c5 18. Na3 Kc6 19. dxc5 Kxc5 20. Re1 Rad8
21. g3 Bh6 22. gxf4 Bxf4 23. Nh4 Bg5 24. Nf5 Rhg8 25. Kh2 Nxf5 26. Rxf5+ Kc6 27. Nc4 Rge8 28. Na5+ Kc7 29. Rc5+ Kb6 30. Rxe8 Rxe8
31. Rd5 Re2+ 32. Kg3 Rxc2 33. a3 Ka6 34. Nc4 Rc3+ 35. Kg4 b6 36. b4 Rxc4+
0-1

[Event "Cadaques Open"]
[Site "SchemingMind.com"]
[Date "2007.07.05"]
[Round "-"]
[White "snoodie05"]
[Black "mrbiggs"]
[Result "0-1"]
[WhiteCountry "USA"]
[BlackCountry "USA"]
[WhiteElo "1455"]
[WhiteRD "81"]
[BlackElo "1612"]
[BlackRD "81"]
[GameID "111807"]

1. e4 e5 2. Nf3 Nf6 3. Bd3 Nc6 4. h3 Bc5 5. Qe2 O-O 6. b3 Bd4 7. c3 Bb6 8. Na3 d5 9. Bb2 Re8 10. exd5 Nxd5
11. Qe4 f5 12. Qc4 Be6 13. Be2 Nf4 14. Qb5 a6 15. Qa4 Nxe2 16. Kxe2 e4 17. Ne1 Bxf2 18. Kxf2 Qxd2+ 19. Kg1 Qxb2 20. Nec2 Qxc3
21. Kh2 b5 22. Nb1 Qxc2 23. Qa3 Nd4 24. Rc1 e3 25. Rxc2 Nxc2 26. Qb2 Nxa1 27. Qxa1 e2 28. Nd2 Bd5 29. Qe1 Rad8 30. Nb1 f4
31. Nc3 f3 32. gxf3 Bxf3 33. Kg3 Rd3 34. Nxe2 Rxe2 35. Qc1 Bh1+ 36. Kf4 Re4+ 37. Kf5 Rd5#
0-1

[Event "Cadaques Open"]
[Site "SchemingMind.com"]
[Date "2007.07.05"]
[Round "-"]
[White "mikewharvey"]
[Black "mrbiggs"]
[Result "1-0"]
[WhiteCountry "GBR"]
[BlackCountry "USA"]
[WhiteElo "1722"]
[WhiteRD "89"]
[BlackElo "1544"]
[BlackRD "78"]
[GameID "111808"]

1. c4 e5 2. Nc3 Nf6 3. Nf3 Nc6 4. g3 Bb4 5. Bg2 O-O 6. O-O d5 7. cxd5 Nxd5 8. Qc2 Re8 9. d3 Bg4 10. Nxd5 Qxd5
11. Ng5 Qd6 12. d4 g6 13. Qb3 Re7 14. dxe5 Qxe5 15. Bxc6 Bxe2 16. Bf4 Qc5 17. Rfc1 Qd4 18. Bd5 Rf8 19. Rxc7 Bc5 20. Rxe7 Qxf2+
21. Kh1 Bxe7 22. Bxf7+ Kg7 23. Bd5 Bxg5 24. Bxg5 h6 25. Qxb7+
1-0

[Event "Cadaques Open"]
[Site "SchemingMind.com"]
[Date "2007.07.05"]
[Round "-"]
[White "Nightlamp"]
[Black "mrbiggs"]
[Result "1-0"]
[WhiteCountry "BEL"]
[BlackCountry "USA"]
[WhiteElo "2109"]
[WhiteRD "79"]
[BlackElo "1544"]
[BlackRD "78"]
[GameID "111809"]

1. d4 d5 2. Nf3 Nc6 3. c4 Nf6 4. g3 e6 5. Bg2 dxc4 6. O-O Be7 7. e3 O-O 8. Qe2 Bd6 9. e4 Bb4 10. Rd1 Re8
11. Qxc4 Nxe4 12. Bf4 e5 13. Be3 Be6 14. Qe2 Bg4 15. dxe5 Qe7 16. h3 Bxf3 17. Bxf3 Nxg3 18. fxg3 Qxe5 19. Kf2 Rad8 20. Nc3 Bxc3
21. bxc3 Qxc3 22. Rxd8 Rxd8 23. Rc1 Qf6 24. Kg2 Re8 25. Bxc6 bxc6 26. Qf2
1-0

[Event "Cadaques Open"]
[Site "SchemingMind.com"]
[Date "2007.07.05"]
[Round "-"]
[White "Beefington"]
[Black "mrbiggs"]
[Result "0-1"]
[WhiteCountry "USA"]
[BlackCountry "USA"]
[WhiteElo "1262"]
[WhiteRD "113"]
[BlackElo "1612"]
[BlackRD "81"]
[GameID "111810"]

1. d4 d5 2. c4 dxc4 3. Nc3 Nf6 4. Nf3 Nc6 5. Bf4 e6 6. e3 Nh5 7. Ne2 Bb4+ 8. Nd2 Nxf4 9. Nxf4 e5 10. dxe5 Nxe5
0-1

[Event "Cadaques Open"]
[Site "SchemingMind.com"]
[Date "2007.07.10"]
[Round "-"]
[White "Malatuso"]
[Black "mrbiggs"]
[Result "1-0"]
[WhiteCountry "ITA"]
[BlackCountry "USA"]
[WhiteElo "1760"]
[WhiteRD "81"]
[BlackElo "1544"]
[BlackRD "78"]
[GameID "111811"]

1. e4 e5 2. Nf3 Nf6 3. Nxe5 d6 4. Nf3 Nxe4 5. d3 Nf6 6. Nc3 Nc6 7. Bg5 Be7 8. g3 O-O 9. Bg2 h6 10. Bd2 Ng4
11. O-O Nge5 12. Nd5 Be6 13. Nxe7+ Qxe7 14. Nxe5 dxe5 15. Bc3 f6 16. a3 Qd6 17. b4 Bd5 18. Qg4 Bxg2 19. Kxg2 f5 20. Qc4+ Kh8
21. b5 Ne7 22. Bb4 Qd7 23. Rfe1 Ng6 24. Bxf8 Rxf8 25. Re2 f4 26. f3 Rf5 27. Rae1 fxg3 28. hxg3 Rh5 29. Rh1 Rg5 30. Kf2 e4
31. Qxe4 Qxb5 32. f4 Rf5 33. Rb1 Qd7 34. Rxb7
1-0

[Event "Cadaques Open"]
[Site "SchemingMind.com"]
[Date "2007.07.05"]
[Round "-"]
[White "briancw"]
[Black "mrbiggs"]
[Result "0-1"]
[WhiteCountry "USA"]
[BlackCountry "USA"]
[WhiteElo "1400"]
[WhiteRD "123"]
[BlackElo "1612"]
[BlackRD "81"]
[GameID "111812"]

1. Nf3 d5 2. c4 e6 3. cxd5 exd5 4. d4 Nf6 5. Bg5 h6 6. Bh4 Be7 7. Nc3 O-O 8. Qc2 Nc6 9. e3 Nb4 10. Qb3 Bf5
11. Rc1 Nd3+ 12. Bxd3 Bxd3 13. Bxf6 Bxf6 14. Nxd5 c6
0-1

[Event "Cadaques Open"]
[Site "SchemingMind.com"]
[Date "2007.07.05"]
[Round "-"]
[White "schakert"]
[Black "snoodie05"]
[Result "1-0"]
[WhiteCountry "NED"]
[BlackCountry "USA"]
[WhiteElo "1890"]
[WhiteRD "152"]
[BlackElo "1419"]
[BlackRD "85"]
[GameID "111847"]

1. e4 e5 2. Nf3 Qf6 3. Bc4 a6 4. d4 exd4 5. Bg5 Qd6 6. O-O h6 7. Bh4 g5 8. Bg3 Qb6 9. Qxd4 Qb4 10. Qxh8 Qxc4
11. Qxg8 d6 12. Nbd2 Qxc2 13. Rac1 Qxc1 14. Rxc1 Nc6 15. e5 g4 16. exd6 gxf3 17. Ne4 Nd4 18. Nf6+
1-0

[Event "Cadaques Open"]
[Site "SchemingMind.com"]
[Date "2007.07.05"]
[Round "-"]
[White "schakert"]
[Black "mikewharvey"]
[Result "1-0"]
[WhiteCountry "NED"]
[BlackCountry "GBR"]
[WhiteElo "1844"]
[WhiteRD "92"]
[BlackElo "1730"]
[BlackRD "84"]
[GameID "111848"]

1. e4 e5 2. Nf3 Nc6 3. Bb5 a6 4. Ba4 Nf6 5. O-O Be7 6. Re1 b5 7. Bb3 d6 8. c3 O-O 9. h3 Bb7 10. d3 Na5
11. Bc2 c5 12. Bg5 h6 13. Bh4 Nc6 14. d4 cxd4 15. cxd4 Nb4 16. Nc3 Rc8 17. Bb1 Nd7 18. Bg3 f6 19. d5 a5 20. Nh4 Qb6
21. Ng6 Rfe8 22. a3 Na6 23. Qg4 Nf8 24. Nh4 g6 25. Nxg6 Kh7 26. Nxf8+ Rxf8 27. Bd3 Rg8 28. Qe6 Rxg3 29. Qxe7+ Rg7 30. Qxf6 Rcg8
31. Bf1 Bc8 32. Kh2 Bd7 33. Re3 Be8 34. Rg3 Rf7 35. Qe6 Nc7 36. Rxg8
1-0

[Event "Cadaques Open"]
[Site "SchemingMind.com"]
[Date "2007.07.05"]
[Round "-"]
[White "schakert"]
[Black "mrbiggs"]
[Result "1-0"]
[WhiteCountry "NED"]
[BlackCountry "USA"]
[WhiteElo "1870"]
[WhiteRD "104"]
[BlackElo "1544"]
[BlackRD "78"]
[GameID "111849"]

1. e4 e5 2. Nf3 Nf6 3. Nc3 Nc6 4. Bb5 d6 5. h3 Be7 6. d3 O-O 7. O-O a6 8. Ba4 b5 9. Bb3 Na5 10. Nd5 Nxb3
11. Nxe7+ Qxe7 12. axb3 d5 13. exd5 Nxd5 14. c4 bxc4 15. bxc4 Nb4 16. Re1 f6 17. d4 Nc6 18. dxe5 fxe5 19. Qd5+ Qe6 20. b3 Rf5
21. Bb2 Rb8 22. Qxe6+ Bxe6 23. Rxa6 Bd7 24. Nxe5 Nxe5 25. Bxe5 Rxb3 26. Ra7 Rf7 27. Rxc7 Rd3 28. Re4 Rd1+ 29. Kh2 Rd2 30. Rd4 Rxd4
31. Bxd4 Be6 32. Rc6 Bd7 33. Rd6 Bc8 34. Bc5 Rc7 35. Rd8+ Kf7 36. Rf8+ Kg6 37. Be3 Rxc4 38. Kg3 Bf5 39. Rd8 h5 40. Bd4 Kg5
41. Bxg7 h4+ 42. Kh2 Kg6 43. Bd4
1-0

[Event "Cadaques Open"]
[Site "SchemingMind.com"]
[Date "2007.07.05"]
[Round "-"]
[White "schakert"]
[Black "Nightlamp"]
[Result "1-0"]
[WhiteCountry "NED"]
[BlackCountry "BEL"]
[WhiteElo "1988"]
[WhiteRD "123"]
[BlackElo "2054"]
[BlackRD "79"]
[GameID "111850"]

1. e4 c5 2. Nf3 e6 3. d4 cxd4 4. Nxd4 a6 5. Nc3 Qc7 6. g3 Nc6 7. Bg2 Nf6 8. O-O Bc5 9. Nb3 Ba7 10. Bg5 Ne5
11. Bf4 d6 12. Qe2 b5 13. a3 Bb7 14. Kh1 Rc8 15. Rac1 Ke7 16. Bxe5 dxe5 17. f4 h5 18. h4 Ng4 19. f5 Ne3 20. Rf3 Nxg2
21. Kxg2 Qc4 22. Rd3 exf5 23. Nd5+ Bxd5 24. exd5 Qe4+ 25. Qf3 Kd6 26. Nd2 Qxf3+ 27. Rxf3 g6 28. c4 e4 29. Rfc3 Bd4 30. R3c2 bxc4
31. Nxc4+ Ke7 32. b3 Rhd8 33. Rd1 Rxd5 34. Rcd2 Rcd8 35. b4 R5d7 36. Na5 Rd6 37. Nb7 e3 38. Rd3 Be5 39. Nxd6 Rxd6 40. Rxd6 Bxd6
41. Kf3
1-0